000 00233nam a2200097Ia 4500
008 170619s9999 xx 000 0 und d
100 _aJankiraman/ Sarukesi
245 0 _aDecision Support Systems
260 _bNew Delhi: PHI
260 _c2001
546 _aENGLISH
999 _c17731
_d17731